000 00469nam a2200181Ia 4500
005 20250923150337.0
008 008 250917s9999 xx 000 0 eng d
037 _aTextual
040 _aDSWL
_beng
_cDSWL
041 _aeng
_2eng
084 _aWv P8.1
_qDSWL
245 0 _aPolitical Theory
_cEd by R Bhargava
260 _aNoida
_bPearm
_c2009
300 _a340p.
650 _aA Acharya
_9844942
942 _cTEXL
_hWv P8.1
999 _c1462424
_d1462424